[Event "Avoine op 25th"]
[Site "Avoine"]
[Date "2010.??.??"]
[Round "8"]
[White "Voss, Janine"]
[Black "Laurent, Michel"]
[Result "1/2-1/2"]
[WhiteElo "1797"]
[BlackElo "1955"]
[PlyCount "149"]
[EventDate "2010.07.??"]
[EventType "swiss"]
[EventRounds "9"]
[EventCountry "FRA"]
[WhiteTeamCountry "FRA"]
[BlackTeamCountry "FRA"]

1. e4 c5 2. Nf3 d6 3. d4 Nf6 4. Nc3 cxd4 5. Nxd4 e6 6. Be3 a6 7. Be2 Be7 8. O-O
O-O 9. f4 Qc7 10. g4 Nfd7 11. f5 Ne5 12. g5 Re8 13. fxe6 fxe6 14. Bg4 Nxg4 15.
Qxg4 Nc6 16. g6 hxg6 17. Qxg6 Ne5 18. Qg2 Rf8 19. Nce2 Bf6 20. Nf4 Qe7 21. Nh5
Bd7 22. Nxf6+ Rxf6 23. Bg5 Rxf1+ 24. Rxf1 Qe8 25. Bf6 Qg6 26. Bxe5 Qxg2+ 27.
Kxg2 dxe5 28. Nf3 Bc6 29. Re1 Rd8 30. Kf2 Kf8 31. Ke3 Ke7 32. Nxe5 Be8 33. Rg1
Kf6 34. Nd3 b6 35. Rf1+ Ke7 36. Rf2 a5 37. Rd2 Rc8 38. Nf4 Rc5 39. Nd3 Rh5 40.
Kd4 Rh4 41. Ne5 Rh5 42. Rg2 Kf6 43. Nc4 Bc6 44. Rf2+ Ke7 45. Ne5 Be8 46. a3 b5
47. c4 bxc4 48. Nxc4 Rb5 49. e5 Bc6 50. Re2 Rd5+ 51. Kc3 Bb5 52. b4 Rd1 53. Rc2
Bxc4 54. Kxc4 axb4 55. Kxb4 Rd5 56. Rg2 Rxe5 57. Rxg7+ Kd6 58. Rg4 Kd5 59. h4
Re1 60. Kc3 Re3+ 61. Kb4 e5 62. a4 e4 63. a5 Re1 64. Kc3 Re3+ 65. Kd2 Ra3 66.
h5 Kd4 67. Rg7 Ra2+ 68. Ke1 Rxa5 69. h6 Rh5 70. Rg6 Kd3 71. Kf2 e3+ 72. Kf3
Rf5+ 73. Kg4 Rf7 74. Rd6+ Ke4 75. Re6+ 1/2-1/2

[Event "Avoine op 25th"]
[Site "Avoine"]
[Date "2010.07.20"]
[Round "8"]
[White "Naudion, Gregoire"]
[Black "Pertuisot, Daniel"]
[Result "1-0"]
[WhiteElo "2049"]
[BlackElo "1823"]
[PlyCount "35"]
[EventDate "2010.07.??"]
[EventType "swiss"]
[EventRounds "9"]
[EventCountry "FRA"]
[WhiteTeamCountry "FRA"]
[BlackTeamCountry "FRA"]

1. e4 d6 2. d4 Nf6 3. Nc3 c6 4. f4 Bg4 5. Be2 Bxe2 6. Qxe2 e6 7. Nf3 Be7 8. Be3
Nbd7 9. e5 Nd5 10. Nxd5 cxd5 11. O-O-O Qa5 12. Kb1 b5 13. f5 dxe5 14. dxe5 Rc8
15. fxe6 fxe6 16. Nd4 Nf8 17. Qg4 Kd7 18. Nxe6 1-0

[Event "Avoine op 25th"]
[Site "Avoine"]
[Date "????.??.??"]
[Round "8"]
[White "Stephan, Arthur"]
[Black "Peiffer, Edouard"]
[Result "0-1"]
[WhiteElo "1909"]
[BlackElo "2047"]
[PlyCount "66"]
[EventDate "2010.07.??"]
[EventType "swiss"]
[EventRounds "9"]
[EventCountry "FRA"]
[WhiteTeamCountry "FRA"]
[BlackTeamCountry "FRA"]

1. e4 c6 2. d4 d5 3. e5 Bf5 4. Bd3 Bxd3 5. Qxd3 e6 6. Ne2 Qb6 7. O-O c5 8. c3
Nc6 9. Na3 Rc8 10. Nc2 Be7 11. Be3 h5 12. Nf4 c4 13. Qe2 g6 14. Nh3 Qc7 15. Qd2
b5 16. Ne1 Rb8 17. Nf3 Bf8 18. Bg5 Bh6 19. Nh4 Bxg5 20. Nxg5 Qe7 21. Rfe1 Nh6
22. Qf4 Nf5 23. Nxf5 gxf5 24. Nf3 Kd7 25. Qg5 Rbg8 26. Qxe7+ Kxe7 27. b4 a5 28.
a3 Ra8 29. Kf1 Ra7 30. Reb1 f6 31. exf6+ Kxf6 32. h4 Rb7 33. Rc1 e5 0-1

[Event "Avoine op 25th"]
[Site "Avoine"]
[Date "2010.??.??"]
[Round "8"]
[White "Bruneau, Francois"]
[Black "Lagarde, Benjamin"]
[Result "1-0"]
[WhiteElo "2032"]
[BlackElo "1873"]
[PlyCount "75"]
[EventDate "2010.07.??"]
[EventType "swiss"]
[EventRounds "9"]
[EventCountry "FRA"]
[WhiteTeamCountry "FRA"]
[BlackTeamCountry "FRA"]

1. e4 g6 2. d4 Bg7 3. Nc3 d6 4. Be3 Nd7 5. Qd2 a6 6. a4 b6 7. Nf3 Bb7 8. Bd3
Ngf6 9. h3 c5 10. O-O Qc7 11. d5 h6 12. Rfe1 c4 13. Bf1 Ne5 14. Nxe5 dxe5 15.
Rac1 Nh5 16. b3 g5 17. Bxc4 Rd8 18. Ne2 Nf4 19. Qb4 Rd6 20. Ng3 Bc8 21. Bf1 O-O
22. c4 Rg6 23. Nf5 Bxf5 24. exf5 Rf6 25. g3 Nh5 26. Be2 Nf4 27. gxf4 gxf4 28.
Bd2 Rxf5 29. Bf3 Rg5+ 30. Kh2 Re8 31. c5 bxc5 32. Qxc5 Qb8 33. b4 Rg6 34. Qc7
Qa8 35. Be4 Rd6 36. Rc6 Red8 37. Rec1 R6d7 38. Qxd7 1-0

[Event "Avoine op 25th"]
[Site "Avoine"]
[Date "2010.??.??"]
[Round "8"]
[White "Salles, Louis"]
[Black "Sanglan, Philippe"]
[Result "1/2-1/2"]
[WhiteElo "1775"]
[BlackElo "1955"]
[PlyCount "82"]
[EventDate "2010.07.??"]
[EventType "swiss"]
[EventRounds "9"]
[EventCountry "FRA"]
[WhiteTeamCountry "FRA"]
[BlackTeamCountry "FRA"]

1. e4 Nf6 2. Nc3 d5 3. e5 Nfd7 4. d4 e6 5. f4 c5 6. Nf3 Nc6 7. Be3 a6 8. Qd2
Qc7 9. Qf2 b6 10. a3 h6 11. Bd3 cxd4 12. Nxd4 Nc5 13. Be2 g6 14. O-O Bg7 15.
Rad1 O-O 16. g4 Bb7 17. Nxc6 Qxc6 18. Bd4 f5 19. gxf5 gxf5 20. Kh1 Kh8 21. Rg1
Rg8 22. Qh4 Kh7 23. Rg2 Rac8 24. Rdg1 Rc7 25. Bh5 Ne4 26. Bg6+ Kh8 27. Qh5 Qc4
28. Qd1 Bf8 29. Bh5 Rxg2 30. Rxg2 b5 31. Be2 Qc6 32. Qg1 Bg7 33. Rg6 Kh7 34.
Rg2 Qd7 35. Qe3 Qe7 36. Kg1 b4 37. Nxe4 dxe4 38. axb4 Qxb4 39. Bc3 Qa4 40. Qg3
Re7 41. Bf1 Bd5 1/2-1/2

[Event "Avoine op 25th"]
[Site "Avoine"]
[Date "2010.??.??"]
[Round "8"]
[White "Epain, Jackie"]
[Black "Rodon, Gurvan"]
[Result "1/2-1/2"]
[WhiteElo "1894"]
[BlackElo "2020"]
[PlyCount "98"]
[EventDate "2010.07.??"]
[EventType "swiss"]
[EventRounds "9"]
[EventCountry "FRA"]
[WhiteTeamCountry "FRA"]
[BlackTeamCountry "FRA"]

1. d4 Nf6 2. Nf3 e6 3. e3 c5 4. Bd3 Nc6 5. c3 b6 6. Nbd2 Bb7 7. O-O d6 8. Qe2
Be7 9. e4 cxd4 10. cxd4 e5 11. d5 Nb8 12. Bb5+ Nbd7 13. b4 Rc8 14. Nb3 O-O 15.
Bb2 Ne8 16. Rac1 f5 17. Bc6 Ba8 18. exf5 Rxf5 19. Nfd4 exd4 20. Nxd4 Re5 21.
Qxe5 Nxe5 22. Ne6 Bg5 23. Nxd8 Bxc1 24. Bxe5 dxe5 25. Nb7 Ba3 26. b5 Bxb7 27.
Bxb7 Rc1 28. Rxc1 Bxc1 29. a4 Kf7 30. Kf1 Ke7 31. Ke2 Kd6 32. Kd3 Bb2 33. Kc4
Nf6 34. h3 Ne4 35. f3 Nc5 36. Bc8 Bc1 37. Bf5 h6 38. Bc2 Nb7 39. Be4 Na5+ 40.
Kb4 Bd2+ 41. Ka3 Kc5 42. h4 Nb7 43. Kb3 Nd6 44. Kc2 Be1 45. Kd3 Bxh4 46. g4 Kb4
47. f4 exf4 48. Kd4 Bf6+ 49. Kd3 Kxa4 1/2-1/2

[Event "Avoine op 25th"]
[Site "Avoine"]
[Date "2010.??.??"]
[Round "8"]
[White "Kerbaol, Jacques"]
[Black "Duboue, Peio"]
[Result "0-1"]
[WhiteElo "1677"]
[BlackElo "2015"]
[PlyCount "76"]
[EventDate "2010.07.??"]
[EventType "swiss"]
[EventRounds "9"]
[EventCountry "FRA"]
[WhiteTeamCountry "FRA"]
[BlackTeamCountry "FRA"]

1. d4 d5 2. e4 dxe4 3. Nc3 Nf6 4. f3 exf3 5. Qxf3 e6 6. Be3 Bb4 7. Bc4 Nd5 8.
Nge2 Nxe3 9. Qxe3 c6 10. O-O O-O 11. Ne4 Nd7 12. c3 Be7 13. Rf3 Nf6 14. Nxf6+
Bxf6 15. Raf1 Be7 16. Ng3 b6 17. Nh5 Bd6 18. Bd3 f5 19. Rh3 g6 20. Nf4 Qf6 21.
Bc4 Re8 22. Nd3 a5 23. Ne5 Bxe5 24. dxe5 Qd8 25. Be2 Ra7 26. Rd1 Rd7 27. Rxd7
Bxd7 28. Qh6 Qe7 29. Rd3 Bc8 30. Rd6 Rd8 31. Rxc6 Bb7 32. Rc4 Ba6 33. Qf4 Bxc4
34. Qxc4 Qc5+ 35. Qxc5 bxc5 36. Bc4 Rd1+ 37. Kf2 Rd2+ 38. Kg3 Kf7 0-1

[Event "Avoine op 25th"]
[Site "Avoine"]
[Date "2010.08.??"]
[Round "8"]
[White "Labrosse, Pierre Henri"]
[Black "Hadet, Emmanuel"]
[Result "*"]
[WhiteElo "1870"]
[BlackElo "2016"]
[PlyCount "62"]
[EventDate "2010.07.??"]
[EventType "swiss"]
[EventRounds "9"]
[EventCountry "FRA"]
[WhiteTeamCountry "FRA"]
[BlackTeamCountry "FRA"]

1. e4 c6 2. d4 d5 3. exd5 cxd5 4. c4 Nf6 5. Nc3 Nc6 6. Nf3 Bg4 7. cxd5 Nxd5 8.
Bc4 e6 9. a3 Be7 10. O-O O-O 11. Nxd5 exd5 12. Ba2 Bf6 13. Qb3 Bxf3 14. Qxf3
Nxd4 15. Qxd5 Qb6 16. Be3 Rad8 17. Qc4 Rc8 18. Qd5 Rcd8 19. Qc4 Qd6 20. Rac1 b5
21. Qc7 Ne2+ 22. Kh1 Nxc1 23. Qxc1 Rc8 24. Qb1 Qe5 25. Bc1 Qe2 26. Kg1 Rfd8 27.
Bb3 Rd7 28. g3 Rcd8 29. Bc2 g6 30. Be3 Rc8 31. Rc1 Rdc7 *

[Event "Avoine op 25th"]
[Site "Avoine"]
[Date "2010.07.17"]
[Round "1"]
[White "Drenchev, Petar"]
[Black "Naudion, Gregoire"]
[Result "1-0"]
[WhiteElo "2514"]
[BlackElo "2049"]
[PlyCount "73"]
[EventDate "2010.07.??"]
[EventType "swiss"]
[EventRounds "9"]
[EventCountry "FRA"]
[Source "Mark Crowther"]
[SourceDate "2010.08.02"]
[WhiteTeamCountry "FRA"]
[BlackTeamCountry "FRA"]

1. c4 Nf6 2. Nc3 g6 3. e4 d6 4. d4 Bg7 5. Bd3 O-O 6. Nge2 e5 7. d5 Na6 8. O-O
Nc5 9. Bc2 a5 10. Rb1 Nh5 11. a3 f5 12. exf5 gxf5 13. f3 Bf6 14. b4 Na6 15. Kh1
Kh8 16. Qd3 Qe7 17. f4 e4 18. Qh3 Qf7 19. Be3 Rg8 20. Bd4 Bd7 21. Ba4 Bxa4 22.
Nxa4 Rg4 23. Bxf6+ Nxf6 24. bxa5 c6 25. Qc3 Rag8 26. g3 R4g6 27. dxc6 bxc6 28.
Rb6 Nb8 29. a6 Rh6 30. Qb2 Nbd7 31. Rb7 Qxc4 32. Rxd7 Qxa4 33. Rxd6 Rf8 34. Rc1
e3 35. Kg1 Qe4 36. Nc3 Qc4 37. Nd5 1-0

[Event "Avoine op 25th"]
[Site "Avoine"]
[Date "2010.07.17"]
[Round "1"]
[White "Peiffer, Edouard"]
[Black "Inkiov, Ventzislav"]
[Result "0-1"]
[WhiteElo "2047"]
[BlackElo "2474"]
[PlyCount "58"]
[EventDate "2010.07.??"]
[EventType "swiss"]
[EventRounds "9"]
[EventCountry "FRA"]
[Source "Mark Crowther"]
[SourceDate "2010.08.02"]
[WhiteTeamCountry "FRA"]
[BlackTeamCountry "FRA"]

1. e4 c5 2. c4 Nc6 3. Ne2 e5 4. d3 g6 5. g3 Bg7 6. Bg2 Nge7 7. Nbc3 d6 8. O-O
O-O 9. Nd5 f5 10. Bg5 h6 11. Bxe7 Nxe7 12. Nxe7+ Qxe7 13. exf5 gxf5 14. Nc3 f4
15. g4 Qh4 16. Bd5+ Kh8 17. f3 h5 18. gxh5 Bh3 19. Rf2 e4 20. Rc2 Bd4+ 21. Kh1
exd3 22. Qxd3 Rae8 23. Ne4 Re5 24. Re2 Qxh5 25. Nxd6 Rxe2 26. Qxe2 Qg6 27. Nb5
Be3 28. Be4 Qg7 29. Qc2 Rg8 0-1

[Event "Avoine op 25th"]
[Site "Avoine"]
[Date "2010.07.17"]
[Round "1"]
[White "Doncea, Vladimir"]
[Black "Bruneau, Francois"]
[Result "1-0"]
[WhiteElo "2474"]
[BlackElo "2032"]
[PlyCount "47"]
[EventDate "2010.07.??"]
[EventType "swiss"]
[EventRounds "9"]
[EventCountry "FRA"]
[Source "Mark Crowther"]
[SourceDate "2010.08.02"]
[WhiteTeamCountry "FRA"]
[BlackTeamCountry "FRA"]

1. d4 Nf6 2. c4 e6 3. g3 d5 4. Nf3 dxc4 5. Bg2 Bb4+ 6. Bd2 a5 7. Qc2 b5 8. a4
bxa4 9. Rxa4 Bb7 10. Bxb4 axb4 11. Rxa8 Bxa8 12. Qxc4 O-O 13. O-O Qd6 14. Rc1
Na6 15. Nbd2 Rb8 16. Qd3 Qb6 17. Ra1 Bb7 18. Nc4 Qb5 19. Ra5 Qe8 20. Nce5 Ra8
21. Ng5 Bxg2 22. Kxg2 h6 23. Ngxf7 Qc8 24. Nxh6+ 1-0

[Event "Avoine op 25th"]
[Site "Avoine"]
[Date "2010.07.17"]
[Round "1"]
[White "Farou, Fabrice"]
[Black "Galdunts, Sergey"]
[Result "0-1"]
[WhiteElo "2029"]
[BlackElo "2459"]
[PlyCount "60"]
[EventDate "2010.07.??"]
[EventType "swiss"]
[EventRounds "9"]
[EventCountry "FRA"]
[Source "Mark Crowther"]
[SourceDate "2010.08.02"]
[WhiteTeamCountry "FRA"]
[BlackTeamCountry "FRA"]

1. e4 g6 2. d4 Bg7 3. h4 d5 4. e5 c5 5. c3 Nc6 6. h5 Qb6 7. h6 Bf8 8. dxc5 Qxc5
9. b4 Qb6 10. Qxd5 Qc7 11. Bb5 a6 12. Bxc6+ bxc6 13. Qa5 Qxa5 14. bxa5 f6 15.
Nf3 g5 16. Be3 Nxh6 17. exf6 exf6 18. Bd4 Ng4 19. Bb6 Kf7 20. Nbd2 h5 21. Ne4
Bf5 22. Ng3 Re8+ 23. Kd2 Bg6 24. Rhe1 Bd6 25. Rxe8 Rxe8 26. Re1 Bf4+ 27. Kd1
Rb8 28. Ne2 Rxb6 29. Nxf4 Rb1+ 30. Ke2 Rb2+ 0-1

[Event "Avoine op 25th"]
[Site "Avoine"]
[Date "2010.07.17"]
[Round "1"]
[White "Fomichenko, Eduard"]
[Black "Smith, Matthieu"]
[Result "1-0"]
[WhiteElo "2458"]
[BlackElo "2026"]
[PlyCount "65"]
[EventDate "2010.07.??"]
[EventType "swiss"]
[EventRounds "9"]
[EventCountry "FRA"]
[Source "Mark Crowther"]
[SourceDate "2010.08.02"]
[WhiteTeamCountry "FRA"]
[BlackTeamCountry "FRA"]

1. Nf3 Nf6 2. c4 c5 3. Nc3 Nc6 4. d4 cxd4 5. Nxd4 e5 6. Ndb5 d6 7. Bg5 a6 8.
Bxf6 gxf6 9. Na3 Bg7 10. e4 f5 11. Bd3 fxe4 12. Bxe4 O-O 13. O-O f5 14. Bd5+
Kh8 15. Nc2 Ne7 16. a4 Rf6 17. Ra3 Rh6 18. Re1 Ng6 19. Ne3 Qh4 20. Nf1 Nf4 21.
Ne2 Rb8 22. Nxf4 Qxf4 23. Rb3 b6 24. a5 b5 25. cxb5 axb5 26. Qc2 Be6 27. Bxe6
Rxe6 28. Rxb5 Ree8 29. Rxb8 Rxb8 30. a6 h6 31. Ra1 Qd4 32. a7 Ra8 33. Qc7 1-0

[Event "Avoine op 25th"]
[Site "Avoine"]
[Date "2010.07.17"]
[Round "1"]
[White "Sanglan, Philippe"]
[Black "Tirard, Hugo"]
[Result "0-1"]
[WhiteElo "2024"]
[BlackElo "2443"]
[PlyCount "52"]
[EventDate "2010.07.??"]
[EventType "swiss"]
[EventRounds "9"]
[EventCountry "FRA"]
[Source "Mark Crowther"]
[SourceDate "2010.08.02"]
[WhiteTeamCountry "FRA"]
[BlackTeamCountry "FRA"]

1. Nf3 c5 2. c4 g6 3. g3 Bg7 4. Bg2 Nc6 5. Nc3 e5 6. d3 Nge7 7. O-O a6 8. Ne4
d6 9. Bg5 f5 10. Nf6+ Kf7 11. Nd5 h6 12. Nxe7 hxg5 13. Nxc8 Rxc8 14. e3 Rc7 15.
Qe2 Bf6 16. Nd2 Kf8 17. Rfd1 Rch7 18. Nf1 Qd7 19. Rab1 g4 20. f3 gxf3 21. Qxf3
g5 22. a3 g4 23. Qf2 Bg5 24. b4 f4 25. gxf4 exf4 26. bxc5 f3 0-1

[Event "Avoine op 25th"]
[Site "Avoine"]
[Date "2010.07.17"]
[Round "1"]
[White "Terrieux, Kevin"]
[Black "Vekemans, Denis"]
[Result "1/2-1/2"]
[WhiteElo "2437"]
[BlackElo "2022"]
[PlyCount "110"]
[EventDate "2010.07.??"]
[EventType "swiss"]
[EventRounds "9"]
[EventCountry "FRA"]
[Source "Mark Crowther"]
[SourceDate "2010.08.02"]
[WhiteTeamCountry "FRA"]
[BlackTeamCountry "FRA"]

1. e4 d5 2. d4 dxe4 3. Nc3 e5 4. dxe5 Qxd1+ 5. Kxd1 Nc6 6. Bb5 Bg4+ 7. Ke1
O-O-O 8. Bxc6 bxc6 9. h3 Bh5 10. Nge2 Bb4 11. Bd2 Ne7 12. Nf4 Bg6 13. a3 Bxc3
14. Bxc3 Nd5 15. Nxd5 Rxd5 16. Ke2 Rhd8 17. Ke3 Kd7 18. g4 Ke6 19. h4 h6 20.
Rag1 c5 21. h5 Bh7 22. g5 Bf5 23. a4 a6 24. a5 R5d7 25. gxh6 gxh6 26. Rg7 Rb8
27. Rhg1 Rbd8 28. R7g3 Rd5 29. Rf1 R5d7 30. Rfg1 Rd5 31. Rg8 R5d7 32. R8g2 Rd5
33. Kf4 R5d7 34. f3 exf3 35. Kxf3 Rd1 36. Rxd1 Rxd1 37. Rg8 Rh1 38. Ra8 Rh3+
39. Kf4 Rh4+ 40. Ke3 Rh3+ 41. Kf2 Rxh5 42. Rxa6+ Kd7 43. Ra8 Bxc2 44. a6 Rh4
45. Rf8 Ra4 46. Rxf7+ Kd8 47. Rf6 Bd3 48. Ke3 Bc4 49. b3 Bxb3 50. Rxh6 Bd5 51.
Rh8+ Kd7 52. Rh7+ Kc8 53. Rh8+ Kd7 54. Rh7+ Kc8 55. Rh8+ Kd7 1/2-1/2

[Event "Avoine op 25th"]
[Site "Avoine"]
[Date "2010.07.17"]
[Round "1"]
[White "Rodon, Gurvan"]
[Black "Shirazi, Kamran G"]
[Result "0-1"]
[WhiteElo "2020"]
[BlackElo "2428"]
[PlyCount "120"]
[EventDate "2010.07.??"]
[EventType "swiss"]
[EventRounds "9"]
[EventCountry "FRA"]
[Source "Mark Crowther"]
[SourceDate "2010.08.02"]
[WhiteTeamCountry "FRA"]
[BlackTeamCountry "FRA"]

1. d4 d5 2. c4 dxc4 3. Nf3 c5 4. e3 Bg4 5. Bxc4 e6 6. O-O Nc6 7. Be2 Nf6 8. Nc3
Rc8 9. a3 a6 10. dxc5 Bxc5 11. b4 Ba7 12. Bb2 O-O 13. h3 Bh5 14. Qxd8 Rfxd8 15.
Rfd1 Bg6 16. Rac1 Rxd1+ 17. Rxd1 Kf8 18. Rd2 Bb8 19. Nh4 Be4 20. Nxe4 Nxe4 21.
Rc2 Rd8 22. Nf3 a5 23. b5 Ne7 24. Bd4 Bd6 25. Bb6 Ra8 26. Bd3 Nf6 27. Bc5 Bxc5
28. Rxc5 Rc8 29. Rxc8+ Nxc8 30. Kf1 Nd7 31. Ke2 Nc5 32. Ne5 Nd6 33. Nc4 Nxb5
34. Nxa5 Nxa3 35. Kd2 Ke7 36. Be2 Kd6 37. Bf3 Kc7 38. Kc3 Kb6 39. Nc4+ Nxc4 40.
Kxc4 Nd7 41. Kb4 h6 42. Bh5 Ne5 43. f4 Nc6+ 44. Kc4 Nd8 45. Kb4 Kc6 46. Bf3+
Kc7 47. Kc5 b6+ 48. Kb5 Nb7 49. e4 Nd6+ 50. Kb4 f6 51. g4 g5 52. fxg5 fxg5 53.
Bg2 e5 54. Bf3 Kc6 55. Bg2 b5 56. Bf1 Nxe4 57. Bg2 Kd5 58. Kxb5 Kd4 59. Kc6 Nd2
60. Kd6 e4 0-1

[Event "Avoine op 25th"]
[Site "Avoine"]
[Date "2010.07.17"]
[Round "1"]
[White "David, Vincent"]
[Black "Duboue, Peio"]
[Result "0-1"]
[WhiteElo "2407"]
[BlackElo "2018"]
[PlyCount "64"]
[EventDate "2010.07.??"]
[EventType "swiss"]
[EventRounds "9"]
[EventCountry "FRA"]
[Source "Mark Crowther"]
[SourceDate "2010.08.02"]
[WhiteTeamCountry "FRA"]
[BlackTeamCountry "FRA"]

1. d4 d5 2. c4 e6 3. Nc3 Nf6 4. cxd5 exd5 5. Bg5 Nbd7 6. e3 Be7 7. Bd3 O-O 8.
Nge2 c6 9. Qc2 h6 10. Bh4 Re8 11. O-O Ne4 12. Bxe7 Qxe7 13. Bxe4 dxe4 14. d5
Nb6 15. dxc6 bxc6 16. Rfd1 Ba6 17. Nf4 g5 18. Nh5 Bd3 19. Qc1 f5 20. Ng3 Qf6
21. Nce2 Nd5 22. Nd4 f4 23. Nh5 Qg6 24. Qxc6 Qxc6 25. Nxc6 Rec8 26. Ne5 fxe3
27. Nxd3 e2 28. Rd2 exd3 29. Rxd3 Nb4 30. Rd7 Rc6 31. Re1 Re8 32. Rd2 Rc1 0-1

[Event "Avoine op 25th"]
[Site "Avoine"]
[Date "2010.07.17"]
[Round "1"]
[White "Hadet, Emmanuel"]
[Black "Payen, Arnaud"]
[Result "0-1"]
[WhiteElo "2016"]
[BlackElo "2372"]
[PlyCount "92"]
[EventDate "2010.07.??"]
[EventType "swiss"]
[EventRounds "9"]
[EventCountry "FRA"]
[Source "Mark Crowther"]
[SourceDate "2010.08.02"]
[WhiteTeamCountry "FRA"]
[BlackTeamCountry "FRA"]

1. Nf3 e6 2. c4 f5 3. g3 Nf6 4. Bg2 d5 5. O-O Bd6 6. b3 O-O 7. Bb2 c6 8. d3
Nbd7 9. Nbd2 f4 10. e4 fxe3 11. fxe3 e5 12. Qe2 Qe7 13. Rae1 Nc5 14. d4 exd4
15. exd4 Qxe2 16. Rxe2 Nce4 17. Nxe4 Nxe4 18. Nh4 Rxf1+ 19. Bxf1 Bg4 20. Rc2
Rf8 21. cxd5 cxd5 22. Bd3 g5 23. Ng2 Bd1 24. Bxe4 dxe4 25. Rf2 Bf3 26. Ne3 b5
27. Rc2 h5 28. d5 h4 29. gxh4 gxh4 30. Bd4 Kh7 31. Bxa7 Rg8+ 32. Kf1 h3 33. Bd4
Rf8 34. Kg1 Rg8+ 35. Kf1 Rf8 36. Kg1 b4 37. Nc4 Rg8+ 38. Kf1 Bg2+ 39. Kg1 e3
40. Nxe3 Be4+ 41. Kf1 Bxc2 42. Nxc2 Bxh2 43. Nxb4 Bd6 44. Nd3 h2 45. Nf2 Rg1+
46. Ke2 Rg2 0-1

[Event "Avoine op 25th"]
[Site "Avoine"]
[Date "2010.07.17"]
[Round "1"]
[White "Saatdjian, Thomas"]
[Black "Ashanina, Olga"]
[Result "1-0"]
[WhiteElo "2369"]
[BlackElo "2012"]
[PlyCount "55"]
[EventDate "2010.07.??"]
[EventType "swiss"]
[EventRounds "9"]
[EventCountry "FRA"]
[Source "Mark Crowther"]
[SourceDate "2010.08.02"]
[WhiteTeamCountry "FRA"]
[BlackTeamCountry "FRA"]

1. Nf3 Nf6 2. c4 e6 3. g3 b6 4. Bg2 Bb7 5. O-O Be7 6. d4 O-O 7. Re1 d5 8. cxd5
exd5 9. Nc3 Ne4 10. Bf4 Bd6 11. Ne5 Nd7 12. Nd3 Ndf6 13. Rc1 Bxf4 14. Nxf4 Nxc3
15. bxc3 Ne4 16. f3 Nd6 17. e4 dxe4 18. fxe4 Qd7 19. d5 f6 20. c4 Rae8 21. Ne6
Rxe6 22. dxe6 Qxe6 23. e5 fxe5 24. Bd5 Bxd5 25. Qxd5 Qxd5 26. cxd5 Nb5 27. Rxe5
Rf6 28. Kg2 1-0

[Event "Avoine op 25th"]
[Site "Avoine"]
[Date "2010.07.17"]
[Round "1"]
[White "Gallois, Jerome"]
[Black "Debray, Christopher"]
[Result "0-1"]
[WhiteElo "2011"]
[BlackElo "2362"]
[PlyCount "34"]
[EventDate "2010.07.??"]
[EventType "swiss"]
[EventRounds "9"]
[EventCountry "FRA"]
[Source "Mark Crowther"]
[SourceDate "2010.08.02"]
[WhiteTeamCountry "FRA"]
[BlackTeamCountry "FRA"]

1. e4 c5 2. Nc3 Nf6 3. e5 Ng8 4. f4 g6 5. Nf3 Bg7 6. Bc4 Nh6 7. d4 cxd4 8. Nxd4
O-O 9. Be3 d6 10. exd6 Ng4 11. Qf3 Qxd6 12. O-O-O Qc5 13. Bb3 Nxe3 14. Qxe3 Nc6
15. Nce2 Bg4 16. Qc3 Qxc3 17. bxc3 Nxd4 0-1

[Event "Avoine op 25th"]
[Site "Avoine"]
[Date "2010.07.17"]
[Round "1"]
[White "Plachetka, Jan"]
[Black "Letemple, Frederic"]
[Result "1-0"]
[WhiteElo "2351"]
[BlackElo "2011"]
[PlyCount "43"]
[EventDate "2010.07.??"]
[EventType "swiss"]
[EventRounds "9"]
[EventCountry "FRA"]
[Source "Mark Crowther"]
[SourceDate "2010.08.02"]
[WhiteTeamCountry "FRA"]
[BlackTeamCountry "FRA"]

1. d4 Nf6 2. Nf3 g6 3. Bg5 Bg7 4. Nbd2 O-O 5. e3 d6 6. Bd3 Nbd7 7. O-O h6 8.
Bh4 c6 9. h3 Qc7 10. c4 Re8 11. Bg3 e5 12. Bc2 Nh5 13. Bh2 Qb6 14. c5 dxc5 15.
dxc5 Qxb2 16. Nc4 Qc3 17. Bb3 Nxc5 18. Nfxe5 Be6 19. Rc1 Qb4 20. Nd3 Qb5 21.
Nd6 Bxb3 22. axb3 1-0

[Event "Avoine op 25th"]
[Site "Avoine"]
[Date "2010.07.17"]
[Round "1"]
[White "Saatdjian, Stephane"]
[Black "Rabineau, Clement"]
[Result "1/2-1/2"]
[WhiteElo "2011"]
[BlackElo "2305"]
[PlyCount "84"]
[EventDate "2010.07.??"]
[EventType "swiss"]
[EventRounds "9"]
[EventCountry "FRA"]
[Source "Mark Crowther"]
[SourceDate "2010.08.02"]
[WhiteTeamCountry "FRA"]
[BlackTeamCountry "FRA"]

1. e4 e5 2. Bc4 Nf6 3. d3 Nc6 4. Nf3 Be7 5. c3 O-O 6. O-O d6 7. Bb3 Bg4 8. Nbd2
Bh5 9. Re1 Nd7 10. Nf1 Nc5 11. Bc2 Bh4 12. Ne3 Ne6 13. g4 Bg6 14. Nxh4 Qxh4 15.
Nf5 Bxf5 16. gxf5 Ng5 17. Bxg5 Qxg5+ 18. Kh1 Qf6 19. Rg1 g6 20. Qd2 Kh8 21. Qh6
Ne7 22. Rg2 Ng8 23. Qh3 gxf5 24. exf5 Ne7 25. d4 Nd5 26. Qf3 Nf4 27. Rg4 c6 28.
Rag1 Rg8 29. Qg3 Rxg4 30. Qxg4 Nd5 31. h4 h6 32. Qh5 Kh7 33. dxe5 dxe5 34. Bb3
Rg8 35. Rxg8 Kxg8 36. Qg4+ Kf8 37. Bxd5 cxd5 38. Kg2 Qg7 39. f3 h5 40. Qg5
Qxg5+ 41. hxg5 d4 42. cxd4 exd4 1/2-1/2

[Event "Avoine op 25th"]
[Site "Avoine"]
[Date "2010.07.17"]
[Round "1"]
[White "Perrin, Guillaume"]
[Black "Egreteau, Eric"]
[Result "1-0"]
[WhiteElo "2301"]
[BlackElo "2010"]
[PlyCount "67"]
[EventDate "2010.07.??"]
[EventType "swiss"]
[EventRounds "9"]
[EventCountry "FRA"]
[Source "Mark Crowther"]
[SourceDate "2010.08.02"]
[WhiteTeamCountry "FRA"]
[BlackTeamCountry "FRA"]

1. Nf3 c6 2. e4 d6 3. d4 Nf6 4. Nc3 Nbd7 5. e5 dxe5 6. dxe5 Ng4 7. e6 fxe6 8.
Ng5 Nde5 9. Qxd8+ Kxd8 10. Be2 h6 11. Bxg4 hxg5 12. Be2 g4 13. Bf4 Ng6 14.
O-O-O+ Ke8 15. Bc7 Bd7 16. Bxg4 Nh4 17. Ne4 b6 18. g3 Nf5 19. h4 c5 20. Rhe1 g6
21. Kb1 Bh6 22. h5 Rc8 23. Be5 Bg7 24. Bxf5 gxf5 25. Bxg7 Rh7 26. Ng5 Rxg7 27.
f4 Rg8 28. h6 Rh8 29. h7 Rc6 30. c4 a6 31. Rd2 b5 32. Red1 Rd6 33. Rxd6 exd6
34. Rxd6 1-0

[Event "Avoine op 25th"]
[Site "Avoine"]
[Date "2010.07.17"]
[Round "1"]
[White "Schwarzat, Julian"]
[Black "Chanoine, Guillaume"]
[Result "0-1"]
[WhiteElo "2007"]
[BlackElo "2276"]
[PlyCount "42"]
[EventDate "2010.07.??"]
[EventType "swiss"]
[EventRounds "9"]
[EventCountry "FRA"]
[Source "Mark Crowther"]
[SourceDate "2010.08.02"]
[WhiteTeamCountry "FRA"]
[BlackTeamCountry "FRA"]

1. e4 c5 2. Nf3 Nc6 3. b3 d6 4. Bb5 e5 5. Bb2 Nf6 6. Bxc6+ bxc6 7. d3 g6 8.
Nbd2 Bg7 9. O-O O-O 10. Nc4 Nh5 11. Bc1 f5 12. Re1 d5 13. exd5 e4 14. Bg5 Qxd5
15. Ne3 Qf7 16. dxe4 fxe4 17. Nd2 Bxa1 18. Qxa1 Qxf2+ 19. Kh1 Qxd2 20. Bh6 Qd4
21. c3 Qe5 0-1